Los retos de Europa en el siglo XXI : (Record no. 196134)
[ view plain ]
| 000 -LEADER | |
|---|---|
| campo de control de longitud fija | 01030nam a2200277 i 4500 |
| 001 - NÚMERO DE CONTROL | |
| campo de control | 196134 |
| 003 - IDENTIFICADOR DE NÚMERO DE CONTROL | |
| campo de control | ES-MaACL |
| 005 - FECHA Y HORA DE LA ÚLTIMA TRANSACCIÓN | |
| campo de control | 20250721063452.0 |
| 008 - DATOS DE LONGITUD FIJA--INFORMACIÓN GENERAL | |
| campo de control de longitud fija | 240813b2024 sp ||||| |||| 00| 0 spa d |
| 017 ## - NÚMERO DE COPYRIGHT O DE DEPÓSITO LEGAL | |
| Número de copyright o de depósito legal | BA 000162-2024 |
| Agencia que asigna | Oficina Depósito Legal Badajoz |
| 020 ## - NÚMERO INTERNACIONAL ESTÁNDAR DEL LIBRO | |
| Número Internacional Estándar del Libro | 9788409599196 |
| 040 ## - FUENTE DE CATALOGACIÓN | |
| Lengua de catalogación | spa |
| Centro/agencia transcriptor | ES-MaACL |
| 111 1# - ENTRADA PRINCIPAL--NOMBRE DE CONGRESO/REUNIÓN | |
| 9 (RLIN) | 238915 |
| Nombre de congreso/reunión o jurisdicción como elemento de entrada | Jornadas de Historia en Llerena |
| 245 1# - MENCIÓN DEL TÍTULO | |
| Título | Los retos de Europa en el siglo XXI : |
| Resto del título | 23ª Jornadas de Historia en Llerena |
| 260 ## - PUBLICACIÓN, DISTRIBUCIÓN, ETC. | |
| Lugar de publicación, distribución, etc. | Llerena : |
| Nombre del editor, distribuidor, etc. | Sociedad Extremeña de Historia ; |
| Fecha de publicación, distribución, etc. | 2024 |
| 300 ## - DESCRIPCIÓN FÍSICA | |
| Extensión | 320 páginas ; |
| Dimensiones | 24 cm + |
| Otras características físicas | 1 DVD |
| 336 ## - TIPO DE CONTENIDO | |
| Fuente | rdacontent |
| Término de tipo de contenido | texto |
| 337 ## - TIPO DE MEDIO | |
| Fuente | rdamedia |
| Nombre/término del tipo de medio | sin mediación |
| 338 ## - TIPO DE SOPORTE | |
| Fuente | rdacarrier |
| Nombre/término del tipo de soporte | volumen |
| 852 ## - LOCALIZACIÓN | |
| Ubicación | ES-MaACL |
| Ubicación en estantería | Depósito J |
| Número de control de estantería | N-10138 |
| Encuadernación | Encuadernación rústica con solapas |
| Donativo/Legado | Donación: Editorial |
| itemnumber | 206270 |
| 942 ## - ELEMENTOS DE ENTRADA SECUNDARIOS (KOHA) | |
| Tipo de ítem Koha | Libro impreso |
| Suprimir en OPAC | No |
| Estatus retirado | Estado de pérdida | Fuente del sistema de clasificación o colocación | Estado de daño | No para préstamo | Biblioteca de origen | Biblioteca actual | Ubicación en estantería | Fecha de adquisición | Fuente de adquisición | Total de préstamos | Signatura topográfica completa | Código de barras | Visto por última vez | Precio de reemplazo | Tipo de ítem Koha | Colección |
|---|---|---|---|---|---|---|---|---|---|---|---|---|---|---|---|---|
| Clasificación decimal universal | Biblioteca del Ateneo de Madrid | Biblioteca del Ateneo de Madrid | Depósito J | 19/07/2025 | Donación | N 10138 | 2025-0655 | 19/07/2025 | 19/07/2025 | DVD | ||||||
| Clasificación decimal universal | Biblioteca del Ateneo de Madrid | Biblioteca del Ateneo de Madrid | Depósito J | 19/07/2025 | Donación | N-10138 (bis) | 19/07/2025 | 19/07/2025 | Archivo de ordenador en CD-ROM, CD o disquete | Colección digital |
